000 00584nam a22002057a 4500
003 OSt
005 20210426082026.0
008 210215s1960 ||||| |||| 00| 0 eng d
040 _aeng
_beng
_cDLC
041 _aeng
080 _a61
_bB-67
100 _9858
_aBloomfield, L. Arthur
245 _aA Bibliography of Internal Medicine
_b: Selected Diseases
_c/ by: The University of Chicago Press
260 _aChicago
_bThe University of Chicago Press
_c1960
300 _a312 p.
365 _b6 usd
650 0 _969
_aMedicine
653 _aმედიცინა
942 _2udc
_cBK
999 _c1368
_d1368